000 00340nam a2200145Ia 4500
008 150301s2015 xx 000 0 und d
082 _a615.1
_bO12J
100 _aJITHAN, AUKUNURU
245 _aORAL DRUG DELIVERY TECHNOLOGY
250 _a2ND
260 _bPHARMA MED PRESS
300 _a659
650 _aPHARMACEUTICS
942 _2ddc
_cBK
999 _c7364
_d7364